| 000 | 00489nam a2200169Ia 4500 | ||
|---|---|---|---|
| 008 | 210210b2000 xxu||||| |||| 00| 0 eng d | ||
| 020 | _a81 7515 323 7 | ||
| 082 | _a378.002 BLEB | ||
| 100 | _aBLEIFELD (Maurice). | ||
| 245 | _aBaron's how to prepare for the SAT II: biology and biology E/M. Ed 12. | ||
| 250 | _a | ||
| 260 |
_aNew Delhi. _bGalgotia Publishers., _c2000 |
||
| 300 | _av,394 | ||
| 650 | _aSAT II Biology SAT SAT biology | ||
| 690 | _aHigher Educati | ||
| 906 | _aSG035 | ||
| 999 |
_c114362 _d114362 |
||